Statistics for UK Two Word Placenames #2 - Click Quiz

Click here to take the quiz!

General Stats

  • This quiz has been taken 32 times
  • The average score is 6 of 15

Answer Stats

HintAnswer% Correct
PevenseyBay
64%
BlaenauFfestiniog
64%
SullomVoe
57%
BudleighSalterton
54%
CouparAngus
50%
HolmesChapel
46%
BlairAtholl
39%
SampfordPeverell
36%
LlantwitMajor
32%
KirkbyStephen
32%
NewtonStewart
32%
AbbotsBromley
29%
GorranHaven
29%
PotterHeigham
29%
GalgormParks
21%

Score Distribution

Percentile by Number Answered

Percent of People with Each Score

Your Score History

You have not taken this quiz